Overmolding of TPEs : Engineered solutions for consumer product differentiation (Record no. 64526)

MARC details
000 -LEADER
fixed length control field 00427nam a2200157Ia 4500
100 ## - MAIN ENTRY--AUTHOR NAME
Personal name Venkataswamy Krishna
245 #0 - TITLE STATEMENT
Title Overmolding of TPEs : Engineered solutions for consumer product differentiation
260 ## - PUBLICATION, DISTRIBUTION, ETC. (IMPRINT)
Name of publisher Rubber World
Year of publication 2002
300 ## - PHYSICAL DESCRIPTION
Number of Pages 27-31,47
650 ## - SUBJECT ADDED ENTRY--TOPICAL TERM
Topical Term Overmolding
650 ## - SUBJECT ADDED ENTRY--TOPICAL TERM
Topical Term TPE
700 ## - ADDED ENTRY--PERSONAL NAME
Personal name Ripple Walter
700 ## - ADDED ENTRY--PERSONAL NAME
Personal name Varma Rajesh
942 ## - ADDED ENTRY ELEMENTS (KOHA)
Koha item type Journals
Holdings
Withdrawn status Lost status Damaged status Not for loan Home library Current library Shelving location Date acquired Serial Enumeration / chronology Koha item type
      Journals RRII Library RRII Library Rubber chemistry 27/02/2003 Volume 227, Issue 3 Journals